000 nam a22 7a 4500
999 _c128953
_d128953
008 190212b xxu||||| |||| 00| 0 eng d
020 _a9783888144127
050 _aND568.5.K83
_bT584
100 _aKollwitz, Kathe
_944534
245 _aMeisterwerke
_ckathe Kollwitz
260 _aMunchen
_bSchirmer/Mosel
_c1993
300 _a111p. ;
_c20cm.
440 _aSchirmer's Visuelle Bibliothek
_n29
_944535
700 _aTimm, Werner (ed.)
_944536
942 _2lcc
_cMONOGRAPH